000 01247nam0a22003611 4500
001 rc\2255350
005 20250623021335.0
035 _a(NLR Aleph) 006525578
090 _a6477518
_c6477518
100 _a20110826d1979 |||y0rusy50 ca
101 0 _arus
102 _aRU
105 _ay z |||||
200 1 _aГеоргий Конисский
210 _aМосква
_cМысль
_d1979
215 _a173 с.
_d16
225 1 _aМыслители прошлого
300 _aНа обл. авт. не указан
320 _aУказ. имен: с. 168-169
320 _aБиблиогр.: с. 170-172 (39 назв.)
606 _aБелорусская философия
_z18 в.
_2psbo
686 _aЮ3(2=Ук),0
_2rubbk
686 _a87.3(2)
_2rubbk
700 1 _aКашуба
_bМ.В.
_gМария Васильевна
702 0 _4570
_7ca
_8rus
_aГеоргий
_cКонисский, Григорий Осипович
_cархиепископ Могилевский
_f1717-1795
_9169879
_3RU\NLR\AUTH\770169929
801 0 _aRU
_bNLR
_gpsbo
801 1 _aRU
_bELAR
_2rusmarc
852 _aNLR
_j79-2/1730
899 _aRuMoRGB
_jБ 79-1/243
899 _aRuMoRGB
_jБ 79-1/244
942 _cBOOK
980 _aNB